000 00644nam a22001937a 4500
003 1
005 20240819092459.0
008 240819b xxu||||| |||| 00| 0 eng d
020 _a978-1-5013-5212-6
050 _aPN 1996
_b.P47 2022
100 _aPerry, Chris
245 _aScenewriting :
_bthe missing manual for screenwriters
_cChris Perry and Eric Henry Sanders
260 _aNew York
_bBloomsburry Academic
_c2022
300 _axvi, 247 pages ;
_c23cm.
504 _aIncludes bibliographical references, index, and glossary.
650 _aMotion picture authorship.
650 _aMotion picture plays--Technique.
942 _2lcc
_cBK
999 _c366116
_d366116